WWE Summerslam 2014 Quiz - Statistics

General Stats
  • This quiz has been taken 1,554 times
  • The average score is 9 of 9
Answer Stats
Match Winner % Correct
Bray Wyatt vs. Chris Jericho Bray Wyatt
99%
Rob Van Dam vs. Antonio Cesaro (Pre-Show) Rob Van Dam
99%
Roman Reigns vs. Randy Orton Roman Reigns
99%
Brie Bella vs. Stephanie Mcmahon Stephanie Mcmahon
99%
Jack Swagger vs. Alexander Rusev Alexander Rusev
98%
Paige vs. Aj Lee Paige
98%
Dean Ambrose vs. Seth Rollins Seth Rollins
98%
The Miz vs. Dolph Ziggler Dolph Ziggler
97%
John Cena vs. Brock Lesnar Brock Lesnar
96%
No matching quizzes found
Score Distribution
Percent of People with Each Score
Percentile by Number Answered
Your Score History
You have not taken this quiz